| 000 | 00509nam a2200205Ia 4500 | ||
|---|---|---|---|
| 001 | a1206-26450 [5832] | ||
| 003 | IT-MiCISF | ||
| 008 | 161014s9999||||xx |||||||||||||| ||und|| | ||
| 040 |
_aIT-MiCISF _cIT-MiCISF |
||
| 041 | _ait | ||
| 100 | _aBonomi Gabriele | ||
| 245 | 0 | _aMaria il modello di gestante | |
| 250 | _a1a ed. | ||
| 260 |
_a Pavia _bBonomi Editore _c1996 |
||
| 300 | _app. 93 | ||
| 500 | _a / procreazione, fede / | ||
| 650 | _aprocreazione | ||
| 942 | _cBK | ||
| 957 | _71 | ||
| 999 |
_a26450 _bsi _g1 _c218053 _d218053 |
||